[Event "Rocca Priora op 6th"]
[Site "Rocca Priora"]
[Date "2012.08.11"]
[Round "1"]
[White "Boccardi, Alessandro"]
[Black "Pulito, Alberto"]
[Result "0-1"]
[WhiteElo "1763"]
[BlackElo "2252"]
[PlyCount "58"]
[EventDate "2012.08.11"]
[EventType "swiss"]
[EventRounds "7"]
[EventCountry "ITA"]
[SourceTitle "EXT 2014"]
[Source "ChessBase"]
[SourceDate "2013.11.20"]
[SourceVersion "1"]
[SourceVersionDate "2013.11.20"]
[SourceQuality "1"]

1. e4 d5 2. exd5 Nf6 3. d4 Bg4 4. Be2 Bxe2 5. Qxe2 Qxd5 6. Nf3 e6 7. Be3 Be7 8. c4 Qh5 9. Nc3 0-0 10. Ne5 Qxe2+ 11. Kxe2 Nfd7 12. Nxd7 Nxd7 13. Rhd1 a6 14. d5 Ne5 15. Rd4 exd5 16. cxd5 Rfe8 17. Ne4 f5 18. d6 cxd6 19. Nxd6 Bxd6 20. Rxd6 f4 21. Bxf4 Nf7+ 22. Kf3 Nxd6 23. Bxd6 Re6 24. Bb4 Rae8 25. Rd1 Rf6+ 26. Kg3 h5 27. f3 Re2 28. Rd2 Rg6+ 29. Kh3 Rgxg2 0-1

[Event "Rome Elo op 1st"]
[Site "Rome"]
[Date "2008.11.12"]
[Round "5"]
[White "Boccardi, Alessandro"]
[Black "Iacoacci, Giancarlo"]
[Result "1/2-1/2"]
[WhiteElo "1494"]
[BlackElo "1752"]
[PlyCount "134"]
[EventDate "2008.10.15"]
[EventType "swiss"]
[EventRounds "7"]
[EventCountry "ITA"]
[SourceTitle "EXT 2011"]
[Source "ChessBase"]
[SourceDate "2010.11.26"]
[SourceVersion "1"]
[SourceVersionDate "2010.11.26"]
[SourceQuality "1"]

1. e4 c6 2. d4 d5 3. exd5 cxd5 4. Bd3 Nf6 5. h3 e6 6. Bf4 Bd6 7. Bxd6 Qxd6 8. Nf3 Nc6 9. c3 a6 10. Nbd2 0-0 11. 0-0 Re8 12. Re1 b5 13. Ne5 Bb7 14. Nb3 Qc7 15. f4 Rac8 16. Rc1 Nxe5 17. fxe5 Ne4 18. Bxe4 dxe4 19. Nc5 Qe7 20. Nxe4 Bxe4 21. Rxe4 Qb7 22. Re1 Qd5 23. b3 Red8 24. Qf3 Qd7 25. Red1 Qe8 26. Kh1 b4 27. Qe3 g6 28. c4 a5 29. Rd3 a4 30. Rcd1 Qe7 31. d5 exd5 32. cxd5 axb3 33. axb3 Qc5 34. Qf4 Re8 35. Qf6 Qe7 36. Qxe7 Rxe7 37. Re1 Kf8 38. Rd4 Rb7 39. Ree4 Rcb8 40. g4 g5 41. Kg2 Ke7 42. Rc4 Rb5 43. Red4 Rd8 44. Rc7+ Ke8 45. e6 fxe6 46. Re4 Rbxd5 47. Rxe6+ Kf8 48. Rb6 Rd2+ 49. Kf1 Rh2 50. Kg1 Rb2 51. Rf6+ Kg8 52. Rf1 Rxb3 53. Rff7 Rd1+ 54. Kf2 Rxh3 55. Rfe7 Rd8 56. Rg7+ Kh8 57. Rxg5 Rb8 58. Kg2 Rh6 59. Rgg7 b3 60. Rb7 Rc8 61. Rgd7 Rg6 62. Rxh7+ Kg8 63. Rh1 Rc2+ 64. Kf3 b2 65. Rb1 Rf6+ 66. Ke3 Rff2 67. g5 Rg2 1/2-1/2

[Event "Rome Elo op 1st"]
[Site "Rome"]
[Date "2008.10.22"]
[Round "2"]
[White "Attanasi, Salvatore"]
[Black "Boccardi, Alessandro"]
[Result "1/2-1/2"]
[WhiteElo "1784"]
[BlackElo "1494"]
[PlyCount "112"]
[EventDate "2008.10.15"]
[EventType "swiss"]
[EventRounds "7"]
[EventCountry "ITA"]
[SourceTitle "EXT 2011"]
[Source "ChessBase"]
[SourceDate "2010.11.26"]
[SourceVersion "1"]
[SourceVersionDate "2010.11.26"]
[SourceQuality "1"]

1. e4 Nf6 2. e5 Nd5 3. d4 d6 4. exd6 cxd6 5. c4 Nb6 6. Bd3 g6 7. Ne2 Bg7 8. Nbc3 Nc6 9. Be3 Bg4 10. f3 Bc8 11. a3 0-0 12. 0-0 e5 13. d5 Nb8 14. Rc1 f5 15. b4 N6d7 16. c5 dxc5 17. bxc5 Nf6 18. Qb3 Kh8 19. Rfd1 a6 20. Na4 Nbd7 21. c6 bxc6 22. dxc6 Rb8 23. Qc2 Qa5 24. Bd2 Qc7 25. cxd7 Qxc2 26. Bxc2 Bxd7 27. Bb4 Rfe8 28. Nc5 Bc8 29. Ba4 Rg8 30. Nd7 Bxd7 31. Bxd7 e4 32. Be6 Rge8 33. Bf7 exf3 34. Bxe8 fxe2 35. Re1 Rxe8 36. Rc2 Ne4 37. Rcxe2 Bd4+ 38. Kf1 Rc8 39. Rd1 Rc4 40. Bd2 Kg7 41. Be3 Bxe3 42. Rxe3 Rc7 43. Red3 Kh6 44. Rd7 Rc3 45. R7d3 Rc7 46. a4 Rc4 47. Rd4 Rc6 48. Rb4 Kg5 49. Rbd4 Kf6 50. Rd8 Kg5 51. a5 Rc5 52. R8d5 Rc6 53. R5d3 Rc5 54. Rd5 Rc6 55. Rb1 Rc2 56. Rbd1 Rc6 1/2-1/2